Unsupervised adaptive filtering Vol. 2 (Record no. 8075)

000 -LEADER
fixed length control field 00743 a2200241 4500
020 ## - INTERNATIONAL STANDARD BOOK NUMBER
International Standard Book Number 0-471-37941-7
040 ## - CATALOGING SOURCE
Original cataloging agency DLC
Language of cataloging DLC
082 0# - DEWEY DECIMAL CLASSIFICATION NUMBER
Classification number 621.3815324
082 0# - DEWEY DECIMAL CLASSIFICATION NUMBER
Classification number 621.381 532 4
082 0# - DEWEY DECIMAL CLASSIFICATION NUMBER
Classification number 621.382 2
245 10 - TITLE STATEMENT
Title Unsupervised adaptive filtering Vol. 2
Name of part/section of a work Blind deconvolution
Statement of responsibility, etc. edited by Simon Haykin
260 ## - PUBLICATION, DISTRIBUTION, ETC.
Place of publication, distribution, etc. New York :
Name of publisher, distributor, etc. Wiley,
Date of publication, distribution, etc. cop. 2000
300 ## - PHYSICAL DESCRIPTION
Extent xii, 184 s. :
Other physical details ill.
650 #7 - SUBJECT ADDED ENTRY--TOPICAL TERM
Topical term or geographic name entry element Adaptive filters
650 #7 - SUBJECT ADDED ENTRY--TOPICAL TERM
Topical term or geographic name entry element Adaptive signal processing
650 #7 - SUBJECT ADDED ENTRY--TOPICAL TERM
Topical term or geographic name entry element Filter (Elektronik)
650 #7 - SUBJECT ADDED ENTRY--TOPICAL TERM
Topical term or geographic name entry element Filters (Electronic engineering)
650 #7 - SUBJECT ADDED ENTRY--TOPICAL TERM
Topical term or geographic name entry element Adaptiv signalbehandling
650 #7 - SUBJECT ADDED ENTRY--TOPICAL TERM
Topical term or geographic name entry element Adaptive signal processing
700 1# - ADDED ENTRY--PERSONAL NAME
Personal name Haykin, Simon S.,
Dates associated with a name 1931-
Relator code oth
740 0# - ADDED ENTRY--UNCONTROLLED RELATED/ANALYTICAL TITLE
Uncontrolled related/analytical title Blind deconvolution
942 ## - ADDED ENTRY ELEMENTS (KOHA)
Koha item type Book
Call number prefix 621.3815324 HAY
Source of classification or shelving scheme
Holdings
Withdrawn status Lost status Damaged status Not for loan Collection code Permanent Location Current Location Shelving location Date acquired Source of acquisition Cost, normal purchase price Total Checkouts Full call number Barcode Date last seen Price effective from Koha item type
          Central Library (CL) Central Library (CL) General Stacks 02/06/2007 Progressive International Agencies 5405.00   621.3815324 HAY SEECS008090 11/14/2012 01/05/2017 Book
© 2023 Central Library, National University of Sciences and Technology. All Rights Reserved.